| 000 | 00762cam a22002533a 4500 | ||
|---|---|---|---|
| 001 | 31821 | ||
| 003 | PGUSA | ||
| 005 | 20140828083705.0 | ||
| 008 | 100329s2010||||xxu|||||s|||||000 1 eng d | ||
| 040 |
_aPGUSA _beng |
||
| 042 | _adc | ||
| 050 | 4 | _aPQ | |
| 100 | 1 |
_aBlasco Ibáñez, Vicente, _d1867-1928 |
|
| 245 | 1 | 0 |
_aSónnica _h[electronic resource] / _cVicente Blasco Ibáñez |
| 260 |
_bProject Gutenberg, _c2010 |
||
| 506 | _aPublic domain in the USA. | ||
| 516 | _aElectronic text | ||
| 653 | _aSagunto (Spain) -- History -- Siege, 219-218 B.C. -- Fiction | ||
| 700 | 1 |
_aDouglas, Frances, _d1870- |
|
| 740 | 0 | _aSónnica la cortesana. English | |
| 830 | 0 |
_aProject Gutenberg _v31821 |
|
| 856 | 4 | 0 | _uhttp://www.gutenberg.org/ebooks/31821 |
| 942 | _cEB | ||
| 999 |
_c261076 _d261076 |
||